| 000 | 00403nam a22001697a 4500 | ||
|---|---|---|---|
| 003 | CEME | ||
| 005 | 20210628203524.0 | ||
| 008 | 210316b xxu||||| |||| 00| 0 eng d | ||
| 020 | _a1-56347-015-7 | ||
| 040 | _c. | ||
| 082 | _a629.1 | ||
| 100 |
_aHemsch, Michel J _965988 |
||
| 245 | _aTactical missile aerodynamics general topics | ||
| 260 |
_aUSA _bAIAA _c1992 |
||
| 300 | _a731 | ||
| 942 |
_cBK _2ddc |
||
| 999 |
_c574046 _d574046 |
||